000 00873nam a2200253 a 4500
001 BRL_1795
005 20190320211354.0
008 030815s1958----mx-a######---#000-0#spa-#
041 _aspa
044 _amx
050 4 _aF1219.73
_b.S25 1958
100 1 _aSahagún, Bernardino de,
_d1499-1590
_923791
245 1 0 _aRitos, sacerdotes y atavíos de los dioses
_cIntroducción, paleografía, versión y notas de Miguel León-Portilla.
260 _aMéxico
_bUNAM, Instituto de Historia
_c1958
300 _a173 p.
_bil.
_c24 cm.
440 0 _aFuentes indígenas de la cultura náhuatl. Textos de los informantes de Sahagún
_v1
_927896
500 _aAu1935
504 _aBibliografía: p. [39]-42.
650 1 4 _aNahuas
_xReligión y Mitología
_927897
650 1 4 _aNáhuatl
_xtextos
_927898
700 1 _aLeón-Portilla, Miguel
_9504
902 _aGRL
942 _2lcc
_cB
999 _c10603
_d10603